Les nourritures terrestres et les nouvelles nourritures /

Guardado en:
Autor Principal: Gide, André.
Formato: Libro
Publicado: Paris : Gallimard, 1947.
Materias:
Etiquetas: Agregar Etiqueta
Sin Etiquetas, Sea el primero en etiquetar este registro!
LEADER 00509nam a22001575a 4500
001 EHU.bham052016
008 240326s1947####fr############000#0#####d
005 20240326103716.0
245 1 0 |a Les nourritures terrestres et les nouvelles nourritures /  |c André Gide. 
260 |a Paris :  |b Gallimard,  |c 1947. 
300 |a 303 p. 
100 1 |a Gide, André. 
082 8 4 |a 848.8 G361-4 
653 |a Miscelánea francesa-1849-1900 
653 |a Literatura francesa 
859 |a AR-BHAM  |b BIB. HUMANIDADES - General  |h 848.8  |i G361-4  |p 150.24  |t 1